| 000 | 00607nam a2200229Ia 4500 | ||
|---|---|---|---|
| 003 | OSt | ||
| 005 | 20220923225430.0 | ||
| 006 | a|||||r|||| 00| 0 | ||
| 007 | ta | ||
| 008 | 220922b |||||||| |||| 00| 0 san d | ||
| 024 | _a268,054 | ||
| 037 | _cTextual | ||
| 040 |
_aARTS _cARTS _bsan |
||
| 041 |
_2san _asan |
||
| 082 | _aQ1:42x, 15M6 | ||
| 100 | _aलक्ष्मीधर | ||
| 245 | 0 | _aगृहयाग्निसागर | |
| 246 | _aGṛuhayāgnisāgara | ||
| 260 | _c1986 | ||
| 942 |
_hQ1:42x, 15M6 _cTEXL _2CC |
||
| 999 |
_c378263 _d378263 |
||